Rozvoj teórie finančného manažmentu v podmienkach globalizácie ekonomiky zborník vedeckých prác

Bibliographic Details
Format: Book
Language:Slovak
PhysicalDescription:136 s. sch., tab. 21 cm
Published: Bratislava Ekonóm 2001
ISBN:8022514896
Subjects:

MARC

LEADER 00000nam a2200000 a 4500
001 vtls001440024
003 SK-MaSNL
005 20260302072813.0
008 240226s2001 xo aap r yy slo
015 |a SNBA2003/01-00212 
020 |a 8022514896 
035 |a SNK000395186 
035 |a urn:nbn:sk:snk-amkob5 
035 |a urn:nbn:sk:snk-am003bw0 
035 |a 2E2FDE21-6549-48B0-9735-4E700DBF505C 
040 |a SNK  |b slo  |c SNK  |e AACR2 
041 0 |a slo 
044 |a xo  |c SK 
245 0 0 |a Rozvoj teórie finančného manažmentu v podmienkach globalizácie ekonomiky  |b zborník vedeckých prác 
260 |a Bratislava  |b Ekonóm  |c 2001 
300 |a 136 s.  |b sch., tab.  |c 21 cm 
504 |a Bibliogr. odkazy 
650 0 7 |a finančný manažment  |2 SNKPH  |9 928 
650 0 7 |a ekonomická globalizácia  |2 SNKPH  |9 75990 
655 7 |a zbierky  |2 SNKPH  |9 70533 
919 |a 80-225-1489-6 
958 |a TL 
958 |a NB 
958 |a ZB 
958 |a OND 
999 |c 1158149  |d 1160079 
952 |t P60, <03>, [BOOK], {603}  |a SNK  |b SNK  |y PREZ  |7 0  |p 17A0356215  |o snkSC 109136  |i snkKSP 10927/2002  |0 0  |1 0  |4 0  |d 2002-09-09  |f 1  |l 0  |r 2025-09-30 00:00:00  |w 2026-02-24 
952 |t P60, <04>, [BOOK], {604}  |a SNK  |b SNK  |y VYP  |7 0  |p 17A0356216  |o snkSC 109136 D1  |i snkKSP 10928/2002  |0 0  |1 0  |4 0  |d 2002-09-09  |l 0  |r 2005-01-02 00:00:00  |w 2026-02-24